000 01423cad a22002175a 4500
001 L156221
008 120508s2012 xxk 000 0 eng d
035 _a(Sirsi) u156221
041 0 _aeng
110 2 _aDTZ
245 0 0 _aMoney into property UK 2012
_bfilling the gap
_h[electronic resource]
260 _aLondon
_bDTZ
_c2012
490 0 _aDTZ Money into Property UK
_v2012
520 _aUK invested stock fell 1 % in 2011 to £537bn, driven by a 4% fall in debt, marking the UK out from most other major markets. The average UK loan to value ratio (LTV) was 61%, in line with the 60% global average. Investment volume fell back 10% in 2011 primarily due to a shortage of prime stock. Investor and lender sentiment in the UK and Europe is much less positive than in the other regions. In the base case UK invested stock is expected to grow at a moderate pace of 0.4% in 2012 and 3% in 2013 with UK investment volumes projected to register a 12% increase in 2012.
520 _aIntroduction - section 1: sizing of the market - section 2 : current sentiment - section 3 : our key views - appendix.
590 _aKA
651 4 _aUnited Kingdom
690 _aCommercial property
_96227
856 4 0 _uhttps://www.dtz.com/Global/Research?vgnLocale=en_GB
_zView the report after free registration (Click on select by reports series, tick the Money into property box only, click on search) at www.dtz.com
942 _n0
999 _c83970
_d83970